Pokémon commençant par K - Statistiques

Statistiques générales
  • Ce quiz a été pris 2 542 fois
    1 285 depuis la dernière actualisation
  • Le résultat moyen est 16 sur 28
Statistiques - réponses
Réponse % Correct
140 Kabuto
82%
141 Kabutops
81%
158 Kaiminus
77%
115 Kangourex
74%
106 Kicklee
74%
098 Krabby
72%
099 Krabboss
71%
352 Kecleon
69%
090 Kokiyas
66%
064 Kadabra
63%
344 Kaorine
61%
539 Karaclée
61%
237 Kapoera
58%
382 Kyogre
57%
646 Kyurem
56%
647 Keldeo
55%
281 Kirlia
52%
408 Kranidos
51%
399 Keunotor
50%
365 Kaimorse
48%
1007 Koraidon
48%
433 Korillon
47%
328 Kraknoix
47%
798 Katagami
44%
691 Kravarech
40%
619 Kungfouine
37%
833 Khélocrok
36%
853 Krakos
30%
Aucun quiz correspondant
Distribution des résultats
% des personnes avec chaque résultat
Percentile par nombre de réponses
Votre historique - résultats
Vous n’avez pas pris ce quiz depuis la dernière actualisation